| 000 | 01043nam a22002297a 4500 | ||
|---|---|---|---|
| 005 | 20120814104112.0 | ||
| 010 | _aB-457222-223 | ||
| 020 |
_a9788189738631 _c75.00 |
||
| 035 | _aB-457222-223 | ||
| 037 |
_adpl _bK.K.Pub/Ven |
||
| 082 | _a704.948945 | ||
| 100 |
_aGoswami, B.M. _951165 |
||
| 245 |
_aRanga roopa: _bGods, Words, Images/ _cby B.N.Goswami |
||
| 260 |
_aNew Delhi _bNiyogi Books _c2010 |
||
| 270 |
_ad-78 okhla industrial area phase-1 _bNew Delhi |
||
| 300 |
_aunpaged. _c14cm |
||
| 500 | _aGlossary | ||
| 942 |
_2ddc _cEN _mGOS _h704.948945 |
||
| 999 |
_c68999 _d68999 |
||